000 00522nam a2200181Ia 4500
003 GCL
008 140319s9999 xx 000 0 eng d
040 _aGCL /
_cGCL
082 0 4 _a530.11
_bT S
100 1 _aTAYLOR, EDWIN F.
245 1 0 _aSPACETIME PHYSICS : INTRODUCATION TO SPECIAL RELATIVITY /
_cTAYLOR, EDWIN F.
700 1 _aWHEELER, JOHN ARCHIBALD
260 _a[S.N] :
_bW. H.FREEMAN AND COMPANY ،
_c1992
300 _a312 P
650 0 4 _aPHYSICS
650 0 4 _aSPECICAL RELATIVITY, PHYSICS
942 _2ddc
_cBK
999 _c19836
_d19836